Statistics for 70s/80s Music Groups by members

Click here to take the quiz!

General Stats

  • This quiz has been taken 716 times
  • The average score is 11 of 25

Answer Stats

Hint Answer % Correct
Waters, Gilmour, Mason, WrightPink Floyd
81%
Gabriel, Hackett, Banks, Rutherford, CollinsGenesis
79%
Knopfler, Knopfler, Illsley, WithersDire Straits
73%
Sumner, Summers, CopelandThe Police
72%
Lennox, StewartEurythmics
67%
Young, Young, Scott, Williams, RuddAC/DC
67%
Taylor, Rhodes, Le Bon, Taylor, TaylorDuran Duran
62%
Hetfield, Ulrich, Hammet, BurtonMetallica
60%
Marr, Morrissey, Rourke, JoyceThe Smiths
58%
Strummer, Jones, Simonon, HeadonThe Clash
55%
Blackmore, Lord, Paice, Glover, GillanDeep Purple
54%
Rose, Hudson, Stradlin, McKagan, AdlerGuns N' Roses
53%
Gibbons, Hill, BeardZZ Top
52%
Hewson, Evans, Clayton, MullenU2
45%
Byrne, Frantz, Weymouth, HarrisonTalking Heads
43%
Anderson, Howe, Squire, Wakeman, WhiteYes
41%
Harris, Dickinson, Murray, Smith, BurrIron Maiden
40%
Schon, Rolie, Perry, Valory, DunbarJourney
32%
Burchill, Kerr, MacNeil, McGee, ForbesSimple Minds
23%
Sumner, Hook, MorrisNew Order
18%
Hodgson, Davies, Siebenberg, Thomson, HelliwellSupertramp
17%
Smith, Gallup, Tolhurst, HartleyThe Cure
15%
McCafferty, Charlton, Agnew, SweetNazareth
7%
Ash, Haskins, HaskinsLove and Rockets
3%
Rose, Simpson, Jones, Dunbar, ShakespeareBlack Uhuru
1%

Score Distribution

Percentile by Number Answered

Percent of People with Each Score

Your Score History

You have not taken this quiz